[Event "Gothenburg"]
[Site "Gothenburg"]
[Date "1996.??.??"]
[Round "1"]
[White "Hector, Jonny"]
[Black "Moberg, Karl Johan"]
[Result "1-0"]
[WhiteElo "2500"]
[BlackElo "2335"]
[PlyCount "119"]
[EventDate "1996.08.??"]
[Source "ChessBase"]

1. e4 e5 2. Nc3 Nf6 3. Nf3 Nc6 4. g3 Bc5 5. Bg2 d6 6. d3 Be6 7. O-O Qd7 8. Na4
Bh3 9. Nxc5 dxc5 10. Be3 b6 11. Nh4 Bxg2 12. Kxg2 Ng8 13. h3 O-O-O 14. a3 a5
15. Qg4 f6 16. f4 exf4 17. Qxd7+ Rxd7 18. gxf4 Nge7 19. f5 c4 20. dxc4 Ne5 21.
b3 a4 22. Nf3 Nxf3 23. Kxf3 axb3 24. cxb3 Nc6 25. Rad1 Ne5+ 26. Ke2 Re7 27. Rf4
Rhe8 28. Rg1 g5 29. fxg6 Nxg6 30. Rf2 Rxe4 31. Rg3 R4e6 32. Kd2 Rd6+ 33. Kc2
Rde6 34. Bd2 Rf8 35. Rgf3 Nh4 36. Rf4 Ng6 37. Rf5 Ne7 38. Rh5 Rf7 39. Bb4 Nc6
40. Bc3 Ne7 41. a4 f5 42. b4 f4 43. Re5 Rxe5 44. Bxe5 Ng6 45. Bd4 f3 46. c5 Kb7
47. Kb3 Rf4 48. Rd2 Ne7 49. b5 bxc5 50. Bxc5 Nf5 51. a5 Nd6 52. a6+ Kc8 53. b6
cxb6 54. Bxd6 f2 55. Rc2+ Kd7 56. Rxf2 Rxf2 57. a7 Kxd6 58. a8=Q Rf7 59. Kc4
Rc7+ 60. Kb5 1-0

[Event "Gothenburg"]
[Site "Gothenburg"]
[Date "1996.??.??"]
[Round "6"]
[White "Hector, Jonny"]
[Black "Ziegler, Ari"]
[Result "1-0"]
[WhiteElo "2500"]
[BlackElo "2455"]
[PlyCount "73"]
[EventDate "1996.08.??"]
[Source "ChessBase"]

1. e4 c5 2. Nf3 d6 3. d4 cxd4 4. Nxd4 Nf6 5. Nc3 Nc6 6. f4 g6 7. Nf3 Bg7 8. Bd3
O-O 9. O-O b5 10. Qe1 b4 11. Ne2 e5 12. fxe5 Qb6+ 13. Kh1 Nxe5 14. Nf4 a5 15.
Be3 Qc7 16. a3 d5 17. Nxe5 dxe4 18. Bd4 exd3 19. Nexd3 Qxc2 20. Rc1 Qa4 21. Qh4
Ng4 22. Bxg7 Kxg7 23. h3 Nf6 24. Ne2 Nd7 25. Nd4 Ba6 26. b3 Qxa3 27. Rc7 Bxd3
28. Ne6+ Kg8 29. Rxd7 Qxb3 30. Ng5 h5 31. Nxf7 Qc4 32. Qf6 Rxf7 33. Rxf7 Qc3
34. Rf8+ Kh7 35. Qe7+ Kh6 36. Qe3+ Kh7 37. R1f7+ 1-0

[Event "Gothenburg"]
[Site "Gothenburg"]
[Date "1996.??.??"]
[Round "7"]
[White "Brynell, Stellan"]
[Black "Hector, Jonny"]
[Result "1-0"]
[WhiteElo "2445"]
[BlackElo "2500"]
[PlyCount "65"]
[EventDate "1996.08.??"]
[Source "ChessBase"]

1. e4 e5 2. Nf3 Nc6 3. Bb5 a6 4. Bxc6 dxc6 5. O-O Qe7 6. d4 exd4 7. Qxd4 Bg4 8.
Bf4 Bxf3 9. gxf3 Nf6 10. Nc3 Nh5 11. Bg3 Rd8 12. Qe3 Nxg3 13. hxg3 Qc5 14. Rad1
Qxe3 15. Rxd8+ Kxd8 16. Rd1+ Ke7 17. fxe3 g6 18. e5 Ke6 19. Rd8 Kxe5 20. Re8+
Kf6 21. Rb8 Ke6 22. Ne4 b6 23. Re8+ Kd7 24. Nf6+ Kd6 25. e4 c5 26. e5+ Kc6 27.
f4 h5 28. Kg2 Bg7 29. Re7 Bxf6 30. exf6 Rd8 31. Rxf7 Rd7 32. Rg7 Kd6 33. f7 1-0

[Event "Gothenburg"]
[Site "Gothenburg"]
[Date "1996.??.??"]
[Round "9"]
[White "Chernin, Alexander"]
[Black "Hector, Jonny"]
[Result "1-0"]
[WhiteElo "2635"]
[BlackElo "2500"]
[PlyCount "113"]
[EventDate "1996.08.??"]
[Source "ChessBase"]

1. c4 c6 2. d4 d5 3. e3 Nf6 4. Nc3 e6 5. Qc2 Bd6 6. Nf3 O-O 7. Bd2 c5 8. Nb5
cxd4 9. Nxd6 Qxd6 10. Nxd4 Ne4 11. Nb5 Qc5 12. Rc1 a6 13. Nd4 Nxd2 14. Qxd2
dxc4 15. Bxc4 Qe7 16. O-O e5 17. Nb3 Rd8 18. Qc3 Bf5 19. e4 Bd7 20. Na5 Bb5 21.
Rfd1 Rxd1+ 22. Rxd1 Nc6 23. Bxb5 axb5 24. Nxc6 bxc6 25. Qxc6 Rxa2 26. Qd5 Ra7
27. Qxe5 h6 28. Qxb5 Rb7 29. Qe2 Rb4 30. e5 Qb7 31. e6 Rxb2 32. exf7+ Kxf7 33.
Qh5+ g6 34. Qxh6 Rb1 35. Qf4+ Kg8 36. Qc4+ Kh7 37. Qc2 Rxd1+ 38. Qxd1 Qb2 39.
h3 Kg7 40. Qd7+ Kh6 41. Qd6 Kh7 42. Qc7+ Kh6 43. Qf4+ Kh7 44. Kh2 Kg7 45. f3
Qc3 46. Qd6 Qe1 47. Qc7+ Kh6 48. f4 Qf2 49. Qe5 Kh7 50. Qe7+ Kg8 51. Qf6 Kh7
52. Qg5 Qe1 53. Qg3 Qf1 54. Qe3 Qb1 55. Kg3 Qf1 56. Qe4 Kh6 57. f5 1-0

[Event "KS Sommerskak op"]
[Site "Copenhagen"]
[Date "1997.??.??"]
[Round "?"]
[White "Carlsson, Daniel"]
[Black "Hector, Jonny"]
[Result "1-0"]
[WhiteElo "2240"]
[BlackElo "2500"]
[PlyCount "141"]
[EventDate "1997.??.??"]
[Source "ChessBase"]

1. e4 e5 2. Nf3 Nc6 3. Bb5 Bc5 4. O-O Nd4 5. Nxd4 Bxd4 6. c3 Bb6 7. Ba4 Qh4 8.
d4 Nf6 9. Nd2 exd4 10. e5 Ng4 11. Nf3 Qh5 12. h3 Nh6 13. Nxd4 Qh4 14. Nf3 Qh5
15. Nd4 Qxd1 16. Rxd1 Ng8 17. Nf5 g6 18. Nh6 c6 19. Bb3 Nxh6 20. Bxh6 Bc5 21.
Rd6 a5 22. Rf6 Bf8 23. Be3 Bg7 24. Rxf7 a4 25. Bc4 Bxe5 26. Bc5 b6 27. Ba3 b5
28. Re7+ Kd8 29. Rxe5 bxc4 30. Bd6 Ra7 31. Rae1 Rb7 32. R1e2 Rb5 33. f4 Rd5 34.
Rxd5 cxd5 35. Re5 Bb7 36. Kf2 Rg8 37. g4 h5 38. Ke3 hxg4 39. hxg4 Rh8 40. Kd4
Rh2 41. Rg5 Ke8 42. f5 Rd2+ 43. Kc5 Kf7 44. fxg6+ Kg8 45. Be5 d4 46. Bxd4 Be4
47. g7 Bh7 48. Rd5 Rxb2 49. Rxd7 Rb8 50. Ra7 Rc8+ 51. Kb4 Bc2 52. g5 Bd1 53.
Ra6 Rb8+ 54. Ka3 Bc2 55. Rh6 Kf7 56. Rh8 Rg8 57. Kb4 Bf5 58. Kxc4 Be6+ 59. Kb4
Bxa2 60. c4 Bb1 61. Kxa4 Bf5 62. c5 Be6 63. c6 Ke7 64. Bc5+ Kd8 65. Bf8 Kc7 66.
Rh6 Bc4 67. Kb4 Ba2 68. Kc5 Bb3 69. Rf6 Kb8 70. Bd6+ Ka7 71. Rf1 1-0

[Event "KS Sommerskak op"]
[Site "Copenhagen"]
[Date "1997.??.??"]
[Round "?"]
[White "Hector, Jonny"]
[Black "Danielsen, Henrik"]
[Result "1-0"]
[WhiteElo "2500"]
[BlackElo "2490"]
[PlyCount "75"]
[EventDate "1997.??.??"]
[Source "ChessBase"]

1. e4 c6 2. d4 d5 3. e5 Bf5 4. g4 Be4 5. f3 Bg6 6. h4 h5 7. Nc3 e6 8. g5 c5 9.
Nce2 Nc6 10. c3 Qb6 11. Nh3 cxd4 12. Nxd4 Bc5 13. Nxc6 bxc6 14. Qe2 a5 15. Nf4
Ne7 16. Bh3 Rb8 17. Nxg6 Nxg6 18. f4 Qb5 19. Qc2 Nxh4 20. Bf1 Nf3+ 21. Kd1 Qb6
22. Qg2 Ng1 23. g6 Rb7 24. Bd3 Kf8 25. gxf7 Re7 26. Kc2 h4 27. Bd2 h3 28. Qg4
Bf2 29. Raxg1 Bxg1 30. Rxg1 Rxf7 31. Bg6 Re7 32. Rh1 h2 33. Qg2 Rb7 34. Bc1 a4
35. Rxh2 Rxh2 36. Qxh2 Ke7 37. f5 exf5 38. Bxf5 1-0

[Event "KS Sommerskak op"]
[Site "Copenhagen"]
[Date "1997.??.??"]
[Round "?"]
[White "Hector, Jonny"]
[Black "Jacobsen, Ole"]
[Result "1-0"]
[WhiteElo "2500"]
[BlackElo "2385"]
[PlyCount "111"]
[EventDate "1997.??.??"]
[Source "ChessBase"]

1. e4 e6 2. d4 d5 3. Nc3 Nf6 4. Bg5 dxe4 5. Nxe4 Nbd7 6. Nf3 h6 7. Bh4 Be7 8.
Nxf6+ Bxf6 9. Bxf6 Qxf6 10. Qd2 c5 11. O-O-O O-O 12. Bb5 cxd4 13. Qxd4 Qxd4 14.
Rxd4 Nf6 15. Ne5 a6 16. Be2 b5 17. Bf3 Ra7 18. Rhd1 Bb7 19. Bxb7 Rxb7 20. Nd7
Nxd7 21. Rxd7 Rfb8 22. Rxb7 Rxb7 23. Rd8+ Kh7 24. b4 Rb6 25. Kb2 Rc6 26. Rd3 e5
27. Re3 f6 28. a4 bxa4 29. Ra3 Rb6 30. Rxa4 a5 31. c4 axb4 32. Kb3 Kg6 33. c5
Rb8 34. Rxb4 Rc8 35. Kc4 Kf5 36. Rb2 e4 37. Kd5 Rd8+ 38. Kc6 Ke5 39. Kc7 Rf8
40. c6 f5 41. Kb7 f4 42. c7 e3 43. fxe3 fxe3 44. c8=Q Rxc8 45. Kxc8 Kd4 46. Kd7
Kd3 47. Ke6 e2 48. Rb1 h5 49. Kf7 h4 50. Kxg7 Kd2 51. Kg6 e1=Q 52. Rxe1 Kxe1
53. Kg5 Kf2 54. Kxh4 Kxg2 55. h3 Kf3 56. Kg5 1-0

[Event "KS Sommerskak op"]
[Site "Copenhagen"]
[Date "1997.??.??"]
[Round "?"]
[White "Mortensen, Erling"]
[Black "Hector, Jonny"]
[Result "1-0"]
[WhiteElo "2450"]
[BlackElo "2500"]
[PlyCount "115"]
[EventDate "1997.??.??"]
[Source "ChessBase"]

1. e4 e5 2. Nf3 Nc6 3. Bb5 a6 4. Ba4 Nf6 5. O-O Bc5 6. c3 b5 7. Bb3 d6 8. d4
Bb6 9. h3 Bb7 10. Re1 O-O 11. d5 Ne7 12. Bg5 Nd7 13. c4 h6 14. Be3 f5 15. Bxb6
bxc4 16. Bxc7 Qxc7 17. Bc2 fxe4 18. Bxe4 Nf6 19. Nc3 Nxe4 20. Rxe4 Qc5 21. b4
cxb3 22. Qxb3 Bxd5 23. Nxd5 Qxd5 24. Rb4 Qxb3 25. axb3 Rfc8 26. Rb7 Kf7 27. Nd2
Ke6 28. f4 Rc2 29. Nf3 Nc6 30. fxe5 dxe5 31. Re1 Rc3 32. Rxg7 Rxb3 33. Rd1 Ne7
34. Rh7 Nf5 35. Re1 Re3 36. Rxh6+ Nxh6 37. Rxe3 Nf7 38. Ra3 a5 39. h4 Nd6 40.
Ng5+ Kf5 41. Ra4 e4 42. Kf2 Ke5 43. Ke2 Ra6 44. g3 Kd5 45. h5 Nc4 46. Nh3 Kd4
47. g4 Rb6 48. Ra2 Rb1 49. Kf2 e3+ 50. Kg3 Nb2 51. Nf4 Rg1+ 52. Kh3 Rh1+ 53.
Kg2 Rd1 54. h6 Ke4 55. Ne2 Rd2 56. h7 Rxe2+ 57. Kg3 Nd3 58. Rxe2 1-0

[Event "KS Sommerskak op"]
[Site "Copenhagen"]
[Date "1997.??.??"]
[Round "?"]
[White "Sammalvuo, Tapani"]
[Black "Hector, Jonny"]
[Result "1-0"]
[WhiteElo "2375"]
[BlackElo "2500"]
[PlyCount "105"]
[EventDate "1997.??.??"]
[Source "ChessBase"]

1. d4 d5 2. c4 c6 3. cxd5 cxd5 4. Nf3 Nf6 5. Nc3 Nc6 6. Bf4 Bf5 7. e3 e6 8. Qb3
Bb4 9. Bb5 O-O 10. Bxc6 Bxc3+ 11. Qxc3 Rc8 12. Ne5 bxc6 13. Qa3 Nh5 14. Rc1
Nxf4 15. exf4 f6 16. Nxc6 Qe8 17. Qd6 Kh8 18. O-O Qh5 19. Nxa7 Ra8 20. f3 Rg8
21. Rc7 g5 22. Qe7 Raf8 23. Rc8 Qf7 24. Qxf7 Rxf7 25. Rxg8+ Kxg8 26. Nc8 Rc7
27. Nd6 Bd3 28. Rd1 Ba6 29. fxg5 Rc6 30. Ne8 fxg5 31. Nf6+ Kg7 32. Nd7 Rc2 33.
Nc5 Be2 34. Nxe6+ Kf6 35. Re1 Rxb2 36. Nc7 Bc4 37. Re5 Bxa2 38. Nxd5+ Kg6 39.
Nc3 Bf7 40. Rb5 Rc2 41. Ne4 h6 42. Rc5 Rb2 43. Rc6+ Kg7 44. Nd6 Bg6 45. Rc7+
Kf8 46. Nc4 Rc2 47. Rc5 Ra2 48. Ne5 Be8 49. Rc7 Rd2 50. Ng4 Rd1+ 51. Kf2 Rd2+
52. Kg3 Bb5 53. Rh7 1-0

[Event "Koge op"]
[Site "Koge"]
[Date "1997.??.??"]
[Round "1"]
[White "Hector, Jonny"]
[Black "Preuss, Flemming"]
[Result "1-0"]
[WhiteElo "2470"]
[BlackElo "2085"]
[PlyCount "73"]
[EventDate "1997.??.??"]
[Source "ChessBase"]

1. e4 e5 2. Nf3 d6 3. Bc4 Be7 4. O-O Nf6 5. d3 O-O 6. Nbd2 Nc6 7. c3 Na5 8. Bb5
a6 9. Ba4 b5 10. Bc2 c5 11. Re1 Bg4 12. h3 Bxf3 13. Nxf3 Nc6 14. Qe2 Nd7 15.
Be3 Bf6 16. Rad1 Nb6 17. a3 Qe7 18. b4 Rab8 19. Bb3 Rfc8 20. g3 Nd8 21. Rc1 Ne6
22. Rf1 Rc7 23. Nh2 g6 24. f4 c4 25. Ba2 cxd3 26. Qxd3 Nc4 27. Bxc4 Rxc4 28.
Ng4 exf4 29. gxf4 Rbc8 30. Bd2 Nd8 31. Rfe1 Bg7 32. Qf3 h5 33. Nf2 Qb7 34. Kg2
Qc6 35. Nd1 Ne6 36. Nb2 Bxc3 37. Nxc4 1-0

[Event "Koge op"]
[Site "Koge"]
[Date "1997.??.??"]
[Round "5"]
[White "Hector, Jonny"]
[Black "Pedersen, Hans"]
[Result "1-0"]
[WhiteElo "2470"]
[BlackElo "2165"]
[PlyCount "65"]
[EventDate "1997.??.??"]
[Source "ChessBase"]

1. e4 c6 2. d4 d5 3. Nd2 g6 4. e5 Bg7 5. f4 h5 6. Ngf3 Nh6 7. g3 Qb6 8. c3 Bf5
9. h3 Na6 10. a4 Nb8 11. b4 Nd7 12. Be2 e6 13. Nh4 Qd8 14. Ng2 a5 15. g4 axb4
16. cxb4 Qb6 17. gxf5 Nxf5 18. Nf3 Ng3 19. Rg1 Nxe2 20. Kxe2 Qxb4 21. Ba3 Qa5
22. Qb3 Qa6+ 23. Kf2 Bf8 24. Bxf8 Kxf8 25. Qb4+ Ke8 26. Rgb1 b6 27. Qd6 c5 28.
a5 bxa5 29. dxc5 Qxd6 30. cxd6 Kf8 31. Rb7 Nc5 32. Rc7 Nb3 33. Ra3 1-0

[Event "Koge op"]
[Site "Koge"]
[Date "1997.??.??"]
[Round "6"]
[White "Yakovich, Yuri"]
[Black "Hector, Jonny"]
[Result "1-0"]
[WhiteElo "2610"]
[BlackElo "2470"]
[PlyCount "80"]
[EventDate "1997.??.??"]
[Source "ChessBase"]

1. c4 Nf6 2. Nc3 e5 3. Nf3 Nc6 4. g3 d5 5. cxd5 Nxd5 6. Bg2 Nb6 7. O-O Be7 8.
a3 Be6 9. b4 a5 10. b5 Nd4 11. Rb1 a4 12. Nxe5 f6 13. Nd3 Ra7 14. Nf4 Bf7 15.
e3 Nb3 16. d4 Bd6 17. Qg4 g6 18. Ne4 Bxf4 19. Qxf4 Nd5 20. Qh6 b6 21. Re1 Qe7
22. Bb2 Qf8 23. Qxf8+ Rxf8 24. Nc3 Ne7 25. d5 Bg8 26. d6 cxd6 27. Ne4 Nd5 28.
Nxd6+ Ke7 29. Rbd1 Kxd6 30. Bxd5 Bxd5 31. e4 Kc5 32. Rxd5+ Kc4 33. Rd6 f5 34.
Rxb6 Rd7 35. exf5 Rxf5 36. Re4+ Kd3 37. Re5 Rff7 38. Rc6 Kd2 39. b6 Kd3 40.
Re3+ Kd2 1-0

[Event "Politiken Cup"]
[Site "Copenhagen"]
[Date "1997.07.05"]
[Round "1"]
[White "Hector, Jonny"]
[Black "Preuss, Flemming"]
[Result "1-0"]
[WhiteElo "2470"]
[BlackElo "2085"]
[PlyCount "73"]
[EventDate "1997.??.??"]
[Source "ChessBase"]

1. e4 c6 2. d4 d5 3. Nd2 dxe4 4. Nxe4 Nf6 5. Nxf6+ exf6 6. c3 Bd6 7. Bd3 Qe7+
8. Ne2 Bg4 9. O-O O-O 10. Qc2 g6 11. Nf4 a5 12. Bd2 Qc7 13. g3 Na6 14. a3 Qd7
15. f3 Be6 16. Rfe1 Nc7 17. Rad1 Kg7 18. c4 Rfe8 19. Be4 f5 20. d5 fxe4 21.
dxe6 Nxe6 22. Nxe6+ Qxe6 23. Rxe4 Bc5+ 24. Kg2 Qc8 25. Bxa5 Rxe4 26. fxe4 Qg4
27. Bc3+ Kg8 28. Qd3 Re8 29. e5 Bf8 30. Qd4 h5 31. a4 Bg7 32. Re1 Bf8 33. b3
Be7 34. Ba5 Bf8 35. Bc7 Kh7 36. Rd1 Qf5 37. Rf1 1-0

[Event "Politiken Cup"]
[Site "Copenhagen"]
[Date "1997.07.07"]
[Round "3"]
[White "Hector, Jonny"]
[Black "Ochsner, Thomas"]
[Result "1-0"]
[WhiteElo "2470"]
[BlackElo "2305"]
[PlyCount "81"]
[EventDate "1997.??.??"]
[Source "ChessBase"]

1. e4 e5 2. Nf3 Nc6 3. Nc3 Nf6 4. g3 Bc5 5. Bg2 d6 6. d3 a6 7. O-O O-O 8. Be3
Be6 9. Bxc5 dxc5 10. Ng5 Qd6 11. f4 Bg4 12. Qd2 h6 13. h3 hxg5 14. fxg5 Nh7 15.
hxg4 Nd4 16. Nd5 c6 17. Nb6 Rad8 18. Nc4 Qe6 19. Rf2 Qxg4 20. Qe3 Rfe8 21. Raf1
Nxg5 22. c3 Nb5 23. Rf5 f6 24. Kf2 Nc7 25. Rh1 Nce6 26. Nd2 c4 27. Nxc4 g6 28.
Rxf6 Rf8 29. Rxf8+ Rxf8+ 30. Ke1 Nf3+ 31. Bxf3 Rxf3 32. Qh6 Qxg3+ 33. Kd1 Rxd3+
34. Kc2 Qf2+ 35. Kb1 Qf6 36. Qh7+ Kf8 37. Qxb7 g5 38. a4 g4 39. Rh7 Ng5 40.
Qa8+ Rd8 41. Rh8+ 1-0

[Event "Politiken Cup"]
[Site "Copenhagen"]
[Date "1997.07.08"]
[Round "4"]
[White "Bezold, Michael"]
[Black "Hector, Jonny"]
[Result "1-0"]
[WhiteElo "2490"]
[BlackElo "2470"]
[PlyCount "81"]
[EventDate "1997.??.??"]
[Source "ChessBase"]

1. c4 Nf6 2. Nc3 e5 3. e3 Be7 4. Nf3 Nc6 5. a3 O-O 6. Qc2 Re8 7. Bd3 Bf8 8. Ng5
g6 9. b4 a5 10. b5 Ne7 11. Bb2 Bg7 12. h4 d6 13. O-O-O c6 14. f4 h6 15. fxe5
dxe5 16. Nge4 Ng4 17. c5 Be6 18. Rdf1 a4 19. Nd6 Bb3 20. Qb1 Rf8 21. h5 g5 22.
Bh7+ Kh8 23. Bc2 Nc8 24. Bxb3 Nxd6 25. Ba2 Nxb5 26. Rf5 Qe7 27. Qe4 Nxc3 28.
Bxc3 Qxc5 29. Kb2 Rfd8 30. Rxf7 Ra6 31. Qg6 Rb6+ 32. Ka1 Rg8 33. Qe4 Qxa3 34.
Qxg4 Rb3 35. Qc4 b5 36. Qxc6 b4 37. Rxg7 Rxg7 38. Bxe5 Kg8 39. Qe8+ Kh7 40.
Bxg7 Kxg7 41. Qg6+ 1-0

[Event "Politiken Cup"]
[Site "Copenhagen"]
[Date "1997.07.10"]
[Round "6"]
[White "Borge, Nikolaj"]
[Black "Hector, Jonny"]
[Result "1-0"]
[WhiteElo "2360"]
[BlackElo "2470"]
[PlyCount "82"]
[EventDate "1997.??.??"]
[Source "ChessBase"]

1. e4 e5 2. Nf3 Nc6 3. Bb5 a6 4. Ba4 Nf6 5. O-O Bc5 6. c3 b5 7. Bb3 d6 8. a4
Bg4 9. h3 Bh5 10. d3 Rb8 11. axb5 axb5 12. Re1 O-O 13. g4 Nxg4 14. hxg4 Bxg4
15. Be3 Kh8 16. Nbd2 f5 17. exf5 Qe8 18. Bxc5 dxc5 19. Re3 Rxf5 20. Qf1 Rh5 21.
Nh2 Bd7 22. Bd1 Rh6 23. Ng4 Rh4 24. Qg2 Qg6 25. Nxe5 Nxe5 26. Rxe5 Bc6 27. Ne4
Qh6 28. Bf3 Qf4 29. Qg3 Qh6 30. Qg5 c4 31. Qxh6 gxh6 32. d4 Rg8+ 33. Kf1 Rh3
34. Ke2 Rf8 35. d5 Bd7 36. Ng3 Rh4 37. Re4 Rxe4+ 38. Bxe4 h5 39. Rh1 Ra8 40.
Kd2 Rf8 41. f3 Rg8 1-0

[Event "Excelsior Cup"]
[Site "Gothenborg"]
[Date "1997.??.??"]
[Round "3"]
[White "Hector, Jonny"]
[Black "Hultin, Johan"]
[Result "1-0"]
[WhiteElo "2500"]
[BlackElo "2330"]
[PlyCount "51"]
[EventDate "1997.01.??"]
[Source "ChessBase"]

1. e4 c5 2. Nc3 d6 3. f4 Nc6 4. Nf3 g6 5. d4 cxd4 6. Nxd4 Bg7 7. Nf3 Nf6 8. Bd3
O-O 9. a3 e5 10. fxe5 dxe5 11. O-O Nd4 12. Nxe5 Qc7 13. Nc4 Ng4 14. Bf4 Qc5 15.
Kh1 Be6 16. Nd5 Nb5 17. a4 Nf2+ 18. Rxf2 Qxf2 19. Be3 Qh4 20. axb5 Rac8 21. Qe2
f5 22. Bxa7 fxe4 23. Bxe4 Kh8 24. Bg1 Bf5 25. Bxf5 Rxf5 26. Nd6 1-0

[Event "Excelsior Cup"]
[Site "Gothenborg"]
[Date "1997.01.12"]
[Round "6"]
[White "Hillarp Persson, Tiger"]
[Black "Hector, Jonny"]
[Result "1-0"]
[WhiteElo "2475"]
[BlackElo "2500"]
[PlyCount "91"]
[EventDate "1997.01.??"]
[Source "ChessBase"]

1. Nf3 Nc6 2. g3 e5 3. d3 d5 4. Bg2 f5 5. O-O Nf6 6. c4 dxc4 7. Qa4 Bd6 8. Qxc4
Qe7 9. Nc3 Be6 10. Qb5 O-O 11. Qxb7 Nb4 12. Qb5 Rab8 13. Qa4 h6 14. Bd2 Bd7 15.
Qd1 Qe8 16. Ne1 e4 17. dxe4 fxe4 18. Be3 Qh5 19. Nxe4 Ng4 20. h4 Nxe3 21. fxe3
Rxf1+ 22. Kxf1 Qf7+ 23. Kg1 Be5 24. a3 Nd5 25. Nd3 Bxb2 26. Nxb2 Nxe3 27. Qd4
Nc2 28. Qxa7 Rxb2 29. Rf1 Qc4 30. Qa8+ Kh7 31. Ng5+ hxg5 32. Be4+ g6 33. Qf8
Bf5 34. Rxf5 Rb1+ 35. Kh2 Rh1+ 36. Bxh1 gxf5 37. Qxf5+ Kg7 38. Qxg5+ Kf8 39.
Qd8+ Kg7 40. Qe7+ Kg8 41. Qg5+ Kf8 42. Qf6+ Kg8 43. Kh3 Qxe2 44. Bd5+ Kh7 45.
Qf7+ Kh6 46. Qf8+ 1-0

[Event "Viking op"]
[Site "Aaland-Stockholm"]
[Date "1997.??.??"]
[Round "?"]
[White "Hector, Jonny"]
[Black "Gyimesi, Zoltan"]
[Result "1-0"]
[WhiteElo "2470"]
[BlackElo "2525"]
[PlyCount "125"]
[EventDate "1997.08.??"]
[Source "ChessBase"]

1. e4 e5 2. Nf3 Nc6 3. Nc3 Nf6 4. g3 Bc5 5. Bg2 d6 6. d3 a6 7. O-O h6 8. Be3
Bxe3 9. fxe3 Bg4 10. d4 Ne7 11. dxe5 dxe5 12. Qxd8+ Rxd8 13. Nxe5 Be6 14. Rfd1
O-O 15. Rd3 Ng4 16. Nxg4 Bxg4 17. h3 Be6 18. Nd5 Rd7 19. Rad1 Nc6 20. Nf6+ gxf6
21. Rxd7 Bxd7 22. Rxd7 Rc8 23. e5 fxe5 24. Bd5 Nd8 25. Re7 Kf8 26. Rxe5 c6 27.
Bb3 b5 28. Kf2 Nb7 29. a3 Rc7 30. g4 Nd6 31. Kf3 Kg7 32. Rc5 Nb7 33. Rc3 c5 34.
Bd5 c4 35. b3 Nd6 36. e4 a5 37. e5 Rc5 38. exd6 Rxd5 39. bxc4 bxc4 40. Rxc4
Rxd6 41. a4 Rd1 42. Rc5 Rh1 43. h4 Rh3+ 44. Kf4 Ra3 45. Rxa5 Rc3 46. Rd5 Rxc2
47. Ke5 Re2+ 48. Kd6 Re4 49. a5 Rxg4 50. h5 Kf6 51. Kc6 Ke6 52. Rd6+ Ke5 53.
Rxh6 f5 54. a6 Ra4 55. Kb7 f4 56. Rb6 f3 57. Rb2 Kf5 58. a7 Kg5 59. Rb5+ Kg4
60. a8=Q Rxa8 61. Kxa8 f2 62. Rb1 Kxh5 63. Rf1 1-0

[Event "BL2-N 9798"]
[Site "Germany"]
[Date "1997.??.??"]
[Round "2.2"]
[White "Hector, Jonny"]
[Black "Tomczak, Rainer"]
[Result "1-0"]
[WhiteElo "2470"]
[BlackElo "2325"]
[PlyCount "77"]
[EventDate "1997.10.??"]
[Source "ChessBase"]

1. e4 c5 2. Nf3 Nc6 3. d4 cxd4 4. Nxd4 Nf6 5. Nc3 d6 6. f4 g6 7. Nf3 Bg4 8. h3
Bxf3 9. Qxf3 Bg7 10. Bc4 Rc8 11. Bb3 Nd4 12. Qd3 Nd7 13. Be3 Nc5 14. Qd2 Ndxb3
15. axb3 O-O 16. Bd4 a6 17. Bxg7 Kxg7 18. O-O Nd7 19. Rad1 Qa5 20. e5 Rfd8 21.
exd6 Nf6 22. Qe3 exd6 23. f5 Qc5 24. Rd4 Qe5 25. Qd2 d5 26. Re1 Qc7 27. fxg6
hxg6 28. Rh4 Nh5 29. Qd4+ f6 30. Nxd5 Qc5 31. c4 Qxd4+ 32. Rxd4 Re8 33. Rde4
Kf8 34. g4 Rxe4 35. Rxe4 f5 36. Re6 fxg4 37. hxg4 Ng7 38. Rf6+ Ke8 39. Rxg6 1-0

[Event "Hellir op"]
[Site "Reykjavik"]
[Date "1997.10.24"]
[Round "1"]
[White "Hector, Jonny"]
[Black "Kjartansson, David"]
[Result "1-0"]
[WhiteElo "2470"]
[BlackElo "2130"]
[PlyCount "75"]
[EventDate "1997.10.24"]
[Source "ChessBase"]

1. Nc3 Nf6 2. e4 d6 3. d4 g6 4. f4 Bg7 5. Nf3 O-O 6. Bd3 c5 7. dxc5 dxc5 8. O-O
Bg4 9. Be3 Qc8 10. e5 Nfd7 11. Qe1 Nb6 12. Qh4 f6 13. exf6 exf6 14. a4 c4 15.
Be2 Be6 16. Nd4 Bf7 17. Bf3 Re8 18. Qf2 a6 19. f5 N6d7 20. Bd5 Bxd5 21. Nxd5
Re5 22. Qf3 Qc5 23. Nf4 Bh6 24. fxg6 hxg6 25. Nf5 Rxe3 26. Nxe3 Nc6 27. Qh3
Bxf4 28. Rxf4 Re8 29. Re1 Nb6 30. Rh4 Re5 31. Rh8+ Kf7 32. Rh7+ Ke8 33. Rxb7
Ne7 34. Kf1 Qd4 35. Qh8+ Kf7 36. Qh7+ Ke8 37. Rxe7+ Rxe7 38. Qxe7+ 1-0

[Event "Hellir op"]
[Site "Reykjavik"]
[Date "1997.10.28"]
[Round "5"]
[White "Wilhelmi, Christian"]
[Black "Hector, Jonny"]
[Result "1-0"]
[WhiteElo "2405"]
[BlackElo "2470"]
[PlyCount "85"]
[EventDate "1997.10.24"]
[Source "ChessBase"]

1. d4 d5 2. c4 e6 3. Nf3 Nf6 4. g3 Bb4+ 5. Bd2 Be7 6. Bg2 O-O 7. O-O c6 8. Qc2
b6 9. Bf4 Bb7 10. Nc3 dxc4 11. e4 Na6 12. a3 h6 13. Rad1 Qe8 14. Rfe1 Rd8 15.
Ne5 b5 16. Qe2 c5 17. d5 b4 18. Nxc4 bxc3 19. d6 cxb2 20. dxe7 Qxe7 21. Bd6
Rxd6 22. Nxd6 Nb8 23. Qxb2 Ba8 24. Qb5 Nfd7 25. e5 a6 26. Qa4 Bxg2 27. Kxg2 f6
28. Nc4 Qd8 29. Rd6 fxe5 30. Nxe5 Rxf2+ 31. Kxf2 Qf8+ 32. Nf7 Qxf7+ 33. Qf4 e5
34. Qxf7+ Kxf7 35. Rb1 Ke7 36. Rg6 Kf7 37. Rd6 Ke7 38. Rbd1 Nf6 39. Rb6 Nbd7
40. Rxa6 e4 41. h3 c4 42. Ke3 Ne5 43. Rxf6 1-0

[Event "Hellir op"]
[Site "Reykjavik"]
[Date "1997.10.30"]
[Round "7"]
[White "Hector, Jonny"]
[Black "Gunnarsson, Jon Viktor"]
[Result "1-0"]
[WhiteElo "2470"]
[BlackElo "2315"]
[PlyCount "105"]
[EventDate "1997.10.24"]
[Source "ChessBase"]

1. e4 e5 2. Nc3 Nf6 3. Nf3 Bb4 4. Nxe5 O-O 5. Be2 Re8 6. Nd3 Bxc3 7. dxc3 Nxe4
8. Nf4 d6 9. O-O c6 10. c4 Qb6 11. b3 Nc3 12. Qxd6 Ne4 13. Qd1 Nc3 14. Qd3
Nxe2+ 15. Nxe2 Nd7 16. Bb2 Ne5 17. Qc3 f6 18. Rae1 c5 19. Nf4 Bf5 20. Nd5 Qc6
21. Re3 b5 22. f4 Ng6 23. Rfe1 Rxe3 24. Nxe3 b4 25. Qd2 Be4 26. f5 Ne7 27. Nd5
Bxd5 28. Rxe7 Bf7 29. h3 Re8 30. Rxa7 Qe4 31. a3 h5 32. axb4 cxb4 33. Qd7 Rf8
34. Qd3 Qe1+ 35. Kh2 Qf2 36. Ra1 Re8 37. Rf1 Qe2 38. Bc1 h4 39. Bd2 Qxd3 40.
cxd3 Rd8 41. Rf3 Bh5 42. Re3 Bd1 43. Bxb4 Bxb3 44. Ba5 Rd7 45. c5 Bd5 46. Re8+
Kf7 47. Rb8 Ra7 48. Rd8 Bc6 49. Rd6 Be8 50. Bb4 Rd7 51. Rb6 Rxd3 52. Rb7+ Kg8
53. Rb8 1-0

[Event "Hellir op"]
[Site "Reykjavik"]
[Date "1997.11.01"]
[Round "9"]
[White "Hector, Jonny"]
[Black "Hillarp Persson, Tiger"]
[Result "1-0"]
[WhiteElo "2470"]
[BlackElo "2445"]
[PlyCount "63"]
[EventDate "1997.10.24"]
[Source "ChessBase"]

1. e4 c5 2. Nf3 e6 3. d4 cxd4 4. Nxd4 Qb6 5. Nb3 Qc7 6. Nc3 a6 7. Bd3 Nf6 8.
O-O d6 9. f4 Nbd7 10. Qf3 b6 11. Bd2 Bb7 12. Rae1 g6 13. Qh3 Bg7 14. Nd4 O-O
15. Nf3 Qc5+ 16. Kh1 Qh5 17. Qg3 Rac8 18. Ng5 Rc5 19. Be2 Qh6 20. Qd3 Nh5 21.
Bxh5 Qxh5 22. Qxd6 Rxg5 23. Qxd7 Rg4 24. Rf3 Rh4 25. h3 Ba8 26. Ree3 Qc5 27.
Rd3 b5 28. a3 Qc4 29. Qe7 Rh5 30. Rd8 Bxe4 31. Nxe4 Qxe4 32. Bb4 1-0

[Event "Eikrem mem"]
[Site "Gausdal"]
[Date "1998.08.03"]
[Round "3"]
[White "Hector, Jonny"]
[Black "Moen, Andreas"]
[Result "1-0"]
[WhiteElo "2510"]
[BlackElo "2210"]
[PlyCount "49"]
[EventDate "1998.??.??"]
[Source "ChessBase"]

1. e4 e5 2. Nf3 Nf6 3. Nc3 Nc6 4. g3 Bc5 5. Bg2 d6 6. d3 a6 7. Be3 Bxe3 8. fxe3
Bg4 9. h3 Bxf3 10. Qxf3 h5 11. O-O-O Qe7 12. Rhf1 Nd8 13. h4 Qd7 14. d4 Nc6 15.
Nd5 Ng4 16. Bh3 Rf8 17. Qf5 Qxf5 18. Rxf5 Kd8 19. Rdf1 Nh6 20. Rg5 Ne7 21. Rxg7
Nxd5 22. exd5 Ke7 23. dxe5 dxe5 24. Rg5 Rg8 25. Rxe5+ 1-0